Un drama de Echegaray, ¡ay! (Record no. 130775)

MARC details
000 -LEADER
campo de control de longitud fija 00806nam a2200229 i 4500
001 - NÚMERO DE CONTROL
campo de control 130775
003 - IDENTIFICADOR DE NÚMERO DE CONTROL
campo de control ES-MaACL
005 - FECHA Y HORA DE LA ÚLTIMA TRANSACCIÓN
campo de control 20230906193836.0
007 - CAMPO FIJO DE DESCRIPCIÓN FÍSICA--INFORMACIÓN GENERAL
campo de control de longitud fija t|
008 - DATOS DE LONGITUD FIJA--INFORMACIÓN GENERAL
campo de control de longitud fija 070808s1947 sp |||| | spa d
080 ## - NÚMERO DE LA CLASIFICACIÓN DECIMAL UNIVERSAL
Número de la Clasificación Decimal Universal 821.134.2-2"19"
100 1# - ENTRADA PRINCIPAL--NOMBRE DE PERSONA
Nombre de persona Tejedor, Luis.
9 (RLIN) 109571
245 13 - MENCIÓN DEL TÍTULO
Título Un drama de Echegaray, ¡ay!
Resto del título : parodia en tres actos y en verso /
Mención de responsabilidad, etc. original de Luis Tejedor y Luis Muñoz Lorente.
260 ## - PUBLICACIÓN, DISTRIBUCIÓN, ETC.
Lugar de publicación, distribución, etc. Madrid :
Nombre del editor, distribuidor, etc. Prensa Castellana,
Fecha de publicación, distribución, etc. 1947.
300 ## - DESCRIPCIÓN FÍSICA
Extensión 108 p. ;
Dimensiones 19 cm.
490 1# - MENCIÓN DE SERIE
Mención de serie As de pique ;
Designación de volumen o secuencia 2
594 ## - Nota al título y mención de responsabilidad
Nota al título y mención de responsabilidad Estrenada en el Teatro Príncipe, de San Sebastián, el 4 de agosto de 1945.
700 1# - ENTRADA AGREGADA--NOMBRE PERSONAL
Nombre de persona Lorente, Luis Muñoz.
9 (RLIN) 74106
830 0# - PUNTO DE ACCESO ADICIONAL DE SERIE-TÍTULO UNIFORME
Título uniforme As de pique ;
Designación de volumen o secuencia 2
9 (RLIN) 219510
852 ## - LOCALIZACIÓN
Ubicación ES-MaACL
Número de control de estantería E-11929
Nota libre . - Biblioteca Jacinto Martínez Lacalle
Holdings
Estatus retirado Estado de pérdida Estado de daño No para préstamo Biblioteca de origen Biblioteca actual Ubicación en estantería Fecha de adquisición Fuente de adquisición Total de préstamos Signatura topográfica completa Código de barras Visto por última vez Precio de reemplazo Tipo de ítem Koha
        Biblioteca del Ateneo de Madrid Biblioteca del Ateneo de Madrid Depósito 2 17/01/2008     E-11929 1136158 23/02/2023 23/02/2023 Libro impreso